<?xml version="1.0" encoding="UTF-8"?>
<record
    xmlns:xsi="http://www.w3.org/2001/XMLSchema-instance"
    xsi:schemaLocation="http://www.loc.gov/MARC21/slim http://www.loc.gov/standards/marcxml/schema/MARC21slim.xsd"
    xmlns="http://www.loc.gov/MARC21/slim">

  <leader>00610nam a22001817a 4500</leader>
  <controlfield tag="005">20151105124136.0</controlfield>
  <datafield tag="010" ind1=" " ind2=" ">
    <subfield code="a">PUN-7778</subfield>
  </datafield>
  <datafield tag="020" ind1=" " ind2=" ">
    <subfield code="a">9789350680988</subfield>
    <subfield code="c">225.00</subfield>
  </datafield>
  <datafield tag="035" ind1=" " ind2=" ">
    <subfield code="a">PN-6896</subfield>
  </datafield>
  <datafield tag="037" ind1=" " ind2=" ">
    <subfield code="a">unistar books</subfield>
  </datafield>
  <datafield tag="082" ind1=" " ind2=" ">
    <subfield code="2">363.5</subfield>
  </datafield>
  <datafield tag="245" ind1=" " ind2=" ">
    <subfield code="a">&#xA35;&#xA3E;&#xA24;&#xA3E;&#xA35;&#xA30;&#xA23; &#xA38;&#xA2E;&#xA71;&#xA38;&#xA3F;&#xA06;&#xA35;&#xA3E;&#xA02;</subfield>
    <subfield code="c">&#xA38;&#xA70;&#xA2A;&#xA3E;&#xA26;&#xA3F;&#xA24; &#xA30;&#xA3E;&#xA1C;&#xA26;&#xA40;&#xA2A; &#xA38;&#xA3F;&#xA70;&#xA18; &#xA27;&#xA3E;&#xA32;&#xA40;&#xA35;&#xA3E;&#xA32;</subfield>
  </datafield>
  <datafield tag="246" ind1=" " ind2=" ">
    <subfield code="a">Vatavaran Samasayavan</subfield>
    <subfield code="b">ed by Rajdeep Singh Dhaliwal</subfield>
  </datafield>
  <datafield tag="250" ind1=" " ind2=" ">
    <subfield code="a">2012</subfield>
  </datafield>
  <datafield tag="260" ind1=" " ind2=" ">
    <subfield code="a">Chandigarh</subfield>
    <subfield code="b">Unistar Books</subfield>
  </datafield>
  <datafield tag="300" ind1=" " ind2=" ">
    <subfield code="a">Pg.178</subfield>
    <subfield code="b">22cm&#xA38;&#xA1C;&#xA3F;&#xA32;&#xA26;</subfield>
  </datafield>
  <datafield tag="942" ind1=" " ind2=" ">
    <subfield code="2">ddc</subfield>
    <subfield code="c">PN</subfield>
    <subfield code="h">363.5</subfield>
    <subfield code="k">&#xA35;&#xA3E;&#xA24;&#xA3E;&#xA35;</subfield>
  </datafield>
  <datafield tag="999" ind1=" " ind2=" ">
    <subfield code="c">98095</subfield>
    <subfield code="d">98095</subfield>
  </datafield>
  <datafield tag="952" ind1=" " ind2=" ">
    <subfield code="0">0</subfield>
    <subfield code="1">0</subfield>
    <subfield code="4">0</subfield>
    <subfield code="7">0</subfield>
    <subfield code="8">NFIC</subfield>
    <subfield code="a">DBAD</subfield>
    <subfield code="b">DBAD</subfield>
    <subfield code="d">2015-11-05</subfield>
    <subfield code="e">DBAD</subfield>
    <subfield code="g">225.00</subfield>
    <subfield code="l">0</subfield>
    <subfield code="o">363.5</subfield>
    <subfield code="p">PN-6896</subfield>
    <subfield code="r">2015-11-05 00:00:00</subfield>
    <subfield code="t">1</subfield>
    <subfield code="v">225.00</subfield>
    <subfield code="y">PN</subfield>
  </datafield>
</record>
